Firewalls and internet security: repelling the wily hacker (Record no. 6706)
[ view plain ]
| 000 -LEADER | |
|---|---|
| fixed length control field | 00735 a2200229 4500 |
| 020 ## - INTERNATIONAL STANDARD BOOK NUMBER | |
| International Standard Book Number | 0-201-63466-X |
| 020 ## - INTERNATIONAL STANDARD BOOK NUMBER | |
| International Standard Book Number | 978-0-201-63466-2 |
| 040 ## - CATALOGING SOURCE | |
| Original cataloging agency | DLC |
| Language of cataloging | DLC |
| 082 ## - DEWEY DECIMAL CLASSIFICATION NUMBER | |
| Classification number | 005.8 |
| 100 1# - MAIN ENTRY--PERSONAL NAME | |
| Personal name | Cheswick, William R. |
| 245 00 - TITLE STATEMENT | |
| Title | Firewalls and internet security: repelling the wily hacker |
| Remainder of title | repelling the wily hacker |
| Statement of responsibility, etc. | William R. Cheswick, Steven M. Bellovin, Aviel D. Rubin |
| 250 ## - EDITION STATEMENT | |
| Edition statement | 2. ed. |
| 260 ## - PUBLICATION, DISTRIBUTION, ETC. | |
| Place of publication, distribution, etc. | India: |
| Name of publisher, distributor, etc. | Pearson Education, |
| Date of publication, distribution, etc. | cop. 2003 |
| 300 ## - PHYSICAL DESCRIPTION | |
| Extent | xx, 433 s. |
| 440 #0 - SERIES STATEMENT/ADDED ENTRY--TITLE | |
| Title | Addison-Wesley professional computing series |
| 650 #7 - SUBJECT ADDED ENTRY--TOPICAL TERM | |
| Topical term or geographic name entry element | Internet |
| 650 #7 - SUBJECT ADDED ENTRY--TOPICAL TERM | |
| Topical term or geographic name entry element | Firewalls (Computer security) |
| 650 #7 - SUBJECT ADDED ENTRY--TOPICAL TERM | |
| Topical term or geographic name entry element | Computer security |
| 700 1# - ADDED ENTRY--PERSONAL NAME | |
| Personal name | Bellovin, Steven M. |
| 700 1# - ADDED ENTRY--PERSONAL NAME | |
| Personal name | Rubin, Aviel D. |
| 942 ## - ADDED ENTRY ELEMENTS (KOHA) | |
| Koha item type | Book |
| Call number prefix | 005.8 CHE |
| Source of classification or shelving scheme | |
| Withdrawn status | Lost status | Damaged status | Not for loan | Collection code | Permanent Location | Current Location | Shelving location | Date acquired | Source of acquisition | Cost, normal purchase price | Total Checkouts | Total Renewals | Full call number | Barcode | Date last seen | Date last checked out | Price effective from | Koha item type |
|---|---|---|---|---|---|---|---|---|---|---|---|---|---|---|---|---|---|---|
| Central Library (CL) | Central Library (CL) | First Floor - Artificial Intelligence/Data Mining | 10/12/2004 | Allied Book Company | 234.00 | 1 | 1 | 005.8 CHE | SEECS004850 | 04/08/2014 | 02/09/2014 | 01/05/2017 | Book | |||||
| Central Library (CL) | Central Library (CL) | First Floor - Artificial Intelligence/Data Mining | 05/05/2005 | Allied Book Company | 234.00 | 3 | 2 | 005.8 CHE | SEECS005638 | 01/14/2020 | 08/29/2019 | 01/05/2017 | Book |
